The collected poems of Thomas Hardy / (Record no. 19425)
[ view plain ]
| 000 -LEADER | |
|---|---|
| fixed length control field | 00709nam a2200253 a 4500 |
| 001 - CONTROL NUMBER | |
| control field | 19425 |
| 003 - CONTROL NUMBER IDENTIFIER | |
| rucl marc code | BD-RjUL |
| 005 - DATE AND TIME OF LATEST TRANSACTION | |
| control field | 20211209000430.0 |
| 008 - FIXED-LENGTH DATA ELEMENTS--GENERAL INFORMATION | |
| fixed length control field | 140224r19621930enk 001 1 eng d |
| 035 ## - SYSTEM CONTROL NUMBER | |
| System control number | (BD-RjUL)19485 |
| System control number | (OCoLC)5923736 |
| 040 ## - CATALOGING SOURCE | |
| Original cataloging agency | NJB |
| Transcribing agency | NJB |
| Modifying agency | BD-RjUL |
| Language of cataloging | eng |
| 041 ## - LANGUAGE CODE | |
| Language code of text/sound track or separate title | eng |
| 082 00 - DEWEY DECIMAL CLASSIFICATION NUMBER | |
| Classification number | 821.9108 |
| Author mark and year | HAC 1962 |
| 100 1# - MAIN ENTRY--PERSONAL NAME | |
| Personal name | Hardy, Thomas, |
| Dates associated with a name | 1840-1928. |
| 9 (RLIN) | 59693 |
| 245 14 - TITLE STATEMENT | |
| Title | The collected poems of Thomas Hardy / |
| Statement of responsibility, etc. | Thomas Hardy. |
| 250 ## - EDITION STATEMENT | |
| Edition statement | 4th ed. |
| 260 ## - PUBLICATION, DISTRIBUTION, ETC. (IMPRINT) | |
| Place of publication, distribution, etc. | London : |
| Name of publisher, distributor, etc. | Macmillan, |
| Date of publication, distribution, etc. | 1930 [Reprinted 1962].[1965] |
| 300 ## - PHYSICAL DESCRIPTION | |
| Pagination | xxxi, 917 p. ; |
| Size | 19 cm. |
| 504 ## - BIBLIOGRAPHY, ETC. NOTE | |
| Bibliography, etc | Includes index. |
| 650 #0 - SUBJECT ADDED ENTRY--TOPICAL TERM | |
| Topical term or geographic name as entry element | English poetry. |
| 9 (RLIN) | 59694 |
| 942 ## - ADDED ENTRY ELEMENTS (KOHA) | |
| Source of classification or shelving scheme | Dewey Decimal Classification |
| Koha item type | Books |
| Lost status | Source of classification or shelving scheme | Damaged status | Not for loan | Collection code | Permanent Location | Current Location | Shelving location | Date acquired | Source of acquisition | Cost, normal purchase price | Total Checkouts | Full call number | Date last seen | Copy number | Koha item type |
|---|---|---|---|---|---|---|---|---|---|---|---|---|---|---|---|
| Dewey Decimal Classification | Fiction | Central Library, University of Rajshahi | Central Library, University of Rajshahi | 10/03/1964 | Zeitlinger | 21.00 | 821.9108 HAC 1962 | 24/02/2014 | C-3 | Books | |||||
| Dewey Decimal Classification | Non-fiction | Central Library, University of Rajshahi | Central Library, University of Rajshahi | 10/03/1964 | Zeitlinger | 21.00 | 821.9108 HAC 1962 | 08/03/2020 | C-4 | Books | |||||
| Dewey Decimal Classification | Non-fiction | Central Library, University of Rajshahi | Central Library, University of Rajshahi | 24/02/1973 | Provincial book depat. | 36.00 | 821.9108 HAC 1965 | 08/03/2020 | C-5 | Books |